Truemans specific series UGC NET/SET computer science and applications: Paper II and III (Record no. 150611)

MARC details
000 -LEADER
fixed length control field 00774nam a2200313Ia 4500
008 - FIXED-LENGTH DATA ELEMENTS--GENERAL INFORMATION
fixed length control field 210210b2014 xxu||||| |||| 00| 0 eng d
020 ## - INTERNATIONAL STANDARD BOOK NUMBER
International Standard Book Number 8189301020
041 ## - LANGUAGE CODE
Language code of text/sound track or separate title eng
082 ## - DEWEY DECIMAL CLASSIFICATION NUMBER
Classification number 001.6402 SINT
100 ## - MAIN ENTRY--PERSONAL NAME
Personal name SINGHAL (Sanjay)
245 ## - TITLE STATEMENT
Title Truemans specific series UGC NET/SET computer science and applications: Paper II and III
260 ## - PUBLICATION, DISTRIBUTION, ETC.
Place of publication, distribution, etc. New Delhi
Name of publisher, distributor, etc. Danika Publishing Company
Date of publication, distribution, etc. 2014
300 ## - PHYSICAL DESCRIPTION
Extent xii,1136
650 ## - SUBJECT ADDED ENTRY--TOPICAL TERM
Topical term or geographic name entry element UGC
650 ## - SUBJECT ADDED ENTRY--TOPICAL TERM
Topical term or geographic name entry element Truemans
650 ## - SUBJECT ADDED ENTRY--TOPICAL TERM
Topical term or geographic name entry element specific
650 ## - SUBJECT ADDED ENTRY--TOPICAL TERM
Topical term or geographic name entry element series
650 ## - SUBJECT ADDED ENTRY--TOPICAL TERM
Topical term or geographic name entry element science
650 ## - SUBJECT ADDED ENTRY--TOPICAL TERM
Topical term or geographic name entry element Paper
650 ## - SUBJECT ADDED ENTRY--TOPICAL TERM
Topical term or geographic name entry element NET/SET
650 ## - SUBJECT ADDED ENTRY--TOPICAL TERM
Topical term or geographic name entry element III
650 ## - SUBJECT ADDED ENTRY--TOPICAL TERM
Topical term or geographic name entry element II
650 ## - SUBJECT ADDED ENTRY--TOPICAL TERM
Topical term or geographic name entry element computer
650 ## - SUBJECT ADDED ENTRY--TOPICAL TERM
Topical term or geographic name entry element applications:
650 ## - SUBJECT ADDED ENTRY--TOPICAL TERM
Topical term or geographic name entry element and
690 ## - LOCAL SUBJECT ADDED ENTRY--TOPICAL TERM (OCLC, RLIN)
Topical term or geographic name as entry element Computer Science
700 ## - ADDED ENTRY--PERSONAL NAME
Personal name MISHRA (Sameer)
906 ## - LOCAL DATA ELEMENT F, LDF (RLIN)
a 067585
Holdings
Withdrawn status Lost status Source of classification or shelving scheme Damaged status Not for loan Collection code Home library Current library Shelving location Date acquired Source of acquisition Cost, normal purchase price Total Checkouts Total Renewals Full call number Barcode Date last seen Date last checked out Price effective from Koha item type
    Dewey Decimal Classification       St Aloysius Library St Aloysius Library   02/17/2021 Biblios Book Point, Surathkal-575014 550.00 2 1 001.6402 SINT 067585 06/24/2024 05/13/2024 02/17/2021 Book